[Event "Copenhagen Chess Challenge GM 2025"]
[Site "Ballerup"]
[Date "2025.07.25"]
[Round "4.5"]
[White "Olsen, Filip Boe"]
[Black "Hoi, Carsten"]
[Result "1-0"]
[WhiteElo "2453"]
[BlackElo "2288"]
[EventDate "2025.07.23"]
[EventType "tourn"]
[EventRounds "9"]
[EventCountry "DEN"]
[SourceTitle "Live v. Michael Andersen"]

1. d4 g6 2. Nf3 Bg7 3. g3 Nf6 4. Bg2 O-O 5. c4 d6 6. Nc3 Nbd7 7. O-O e5 8. e4 c6 9. h3 Re8 10. d5 cxd5 11. cxd5 b5 12. b4 Nb6 13. Qd3 Bd7 14. Bg5 a6 15. Nd2 h6 16. Be3 Nh7 17. Rac1 h5 18. h4 Rc8 19. a4 Nc4 20. Nxc4 bxc4 21. Qe2 f5 22. exf5 gxf5 23. Qxh5 Rf8 24. Bh3 f4 25. Bb6 Qe7 26. Bxd7 Qxd7 27. Ne4 Nf6 28. Qg6 Nxe4 29. Qxe4 c3 30. a5 Rf6 31. Rfd1 Bh6 32. Rd3 c2 33. Rf3 Qa4 34. g4 Qd7 35. Kf1 Qxg4 36. Rg3 Qxg3 37. fxg3 fxg3+ 38. Kg2 1-0

[Event "Copenhagen Chess Challenge GM 2025"]
[Site "Ballerup"]
[Date "2025.07.25"]
[Round "5.1"]
[White "Ochsner, Bjorn Moller"]
[Black "Olsen, Filip Boe"]
[Result "1/2-1/2"]
[WhiteElo "2478"]
[BlackElo "2453"]
[EventDate "2025.07.23"]
[EventType "tourn"]
[EventRounds "9"]
[EventCountry "DEN"]
[SourceTitle "Live v. Michael Andersen"]

1. e4 c5 2. Nf3 Nc6 3. Bb5 d6 4. O-O Bd7 5. Re1 a6 6. Bxc6 Bxc6 7. d4 cxd4 8. Nxd4 Rc8 9. c4 g6 10. Nc3 Bg7 11. b3 Nf6 12. Bg5 h6 13. Bf4 O-O 14. Qd2 Kh7 15. Rad1 Qa5 16. h3 Rfe8 17. Nxc6 Rxc6 18. Nd5 Qxd2 19. Rxd2 Nd7 20. Rc1 a5 21. Be3 b5 22. Rdc2 e6 23. Nf4 Rec8 24. Nd3 d5 25. exd5 exd5 26. c5 b4 27. Kf1 g5 28. Bd2 Nf8 29. Bxb4 axb4 30. Nxb4 Re6 31. Nxd5 Re5 32. Nb6 Rc7 33. b4 Ne6 34. Re2 Rf5 35. g4 Rf3 36. Re3 Rxe3 37. fxe3 Bb2 38. Rc2 Ba3 39. Nd5 Rb7 40. Rc3 Bxb4 41. Rb3 Rb5 42. Rxb4 Rxc5 43. Nf6+ Kg6 44. Ne4 Rc1+ 45. Kg2 Rc2+ 46. Kf3 Rxa2 47. Rb7 Rc2 48. Nd6 1/2-1/2

[Event "Copenhagen Chess Challenge GM 2025"]
[Site "Ballerup"]
[Date "2025.07.25"]
[Round "5.2"]
[White "Haubro, Martin"]
[Black "Ermitsch, Magnus"]
[Result "1/2-1/2"]
[WhiteElo "2388"]
[BlackElo "2406"]
[EventDate "2025.07.23"]
[EventType "tourn"]
[EventRounds "9"]
[EventCountry "DEN"]
[SourceTitle "Live v. Michael Andersen"]

1. e4 e6 2. d4 d5 3. Nc3 Nf6 4. e5 Nfd7 5. f4 c5 6. Nf3 Nc6 7. Be3 cxd4 8. Nxd4 Qb6 9. Qd2 Qxb2 10. Rb1 Qa3 11. Bb5 Nxd4 12. Bxd4 a6 13. Bxd7+ Bxd7 14. Rb3 Qe7 15. Rxb7 Qh4+ 16. Qf2 Qxf2+ 17. Kxf2 Be7 18. Rhb1 Bd8 19. Ke3 Bc6 20. Rb8 Rxb8 21. Rxb8 O-O 22. Bb6 Be7 23. Rxf8+ Kxf8 24. Ne2 Bb5 25. Nd4 Bc4 26. a4 Ke8 27. g4 Kd7 28. Nf3 g6 29. h4 h5 30. gxh5 gxh5 31. Bd4 Bf1 32. Ng5 Bxg5 1/2-1/2

[Event "Copenhagen Chess Challenge GM 2025"]
[Site "Ballerup"]
[Date "2025.07.25"]
[Round "5.3"]
[White "Medhus, Vitus Bondo"]
[Black "Hector, Jonny"]
[Result "0-1"]
[WhiteElo "2326"]
[BlackElo "2427"]
[EventDate "2025.07.23"]
[EventType "tourn"]
[EventRounds "9"]
[EventCountry "DEN"]
[SourceTitle "Live v. Michael Andersen"]

1. e4 e5 2. Nf3 Nc6 3. Bb5 a6 4. Ba4 Bc5 5. O-O Nge7 6. Nxe5 Nxe5 7. d4 b5 8. Bb3 Bxd4 9. Qxd4 d6 10. f4 c5 11. Qc3 N5g6 12. Qxg7 c4 13. f5 Rg8 14. Qxh7 Nf8 15. Qh6 cxb3 16. axb3 Qb6+ 17. Be3 Qc6 18. Bg5 Qxe4 19. Nc3 Qd4+ 20. Kh1 Bb7 21. Rae1 O-O-O 22. Rxe7 Qg4 23. Rxb7 Rxg5 24. g3 Kxb7 25. Qf6 Rd7 26. Rf4 Qh5 27. Qd4 Rxg3 28. Qd5+ Kb8 29. Qd4 Rxc3 30. bxc3 Kb7 31. Qd5+ Kb6 32. c4 Qe2 33. Qd4+ Kb7 34. Qd5+ Kb8 35. Qc6 Ka7 36. Qc8 Qd1+ 37. Kg2 Qxc2+ 38. Kg3 Qc3+ 39. Kf2 Qb2+ 40. Kg3 Qg7+ 41. Kf3 Rb7 42. c5 Qc3+ 43. Kg4 Nd7 44. b4 dxc5 45. bxc5 Qxc5 46. Qh8 f6 47. Qh6 Ne5+ 48. Kh3 Qe3+ 49. Kg2 Nd3 0-1

[Event "Copenhagen Chess Challenge GM 2025"]
[Site "Ballerup"]
[Date "2025.07.25"]
[Round "5.4"]
[White "Hoi, Carsten"]
[Black "Nielsen, Hogni Egilstoft"]
[Result "1/2-1/2"]
[WhiteElo "2288"]
[BlackElo "2372"]
[EventDate "2025.07.23"]
[EventType "tourn"]
[EventRounds "9"]
[EventCountry "DEN"]
[SourceTitle "Live v. Michael Andersen"]

1. d4 Nf6 2. c4 e6 3. Nc3 c5 4. e3 b6 5. Nf3 Bb7 6. d5 exd5 7. cxd5 d6 8. e4 g6 9. e5 dxe5 10. Bb5+ Nbd7 11. Bg5 Bg7 12. Nxe5 O-O 13. Nxd7 Qe8+ 14. Qe2 Nxd7 15. Qxe8 1/2-1/2

[Event "Copenhagen Chess Challenge GM 2025"]
[Site "Ballerup"]
[Date "2025.07.25"]
[Round "5.5"]
[White "Kistrup, Nicolai"]
[Black "Kush, Bhagat"]
[Result "0-1"]
[WhiteElo "2368"]
[BlackElo "2369"]
[EventDate "2025.07.23"]
[EventType "tourn"]
[EventRounds "9"]
[EventCountry "DEN"]
[SourceTitle "Live v. Michael Andersen"]

1. d4 d5 2. c4 c6 3. cxd5 cxd5 4. Bf4 Nc6 5. e3 Nf6 6. Nc3 a6 7. Be2 Bf5 8. Nf3 e6 9. Qb3 Nh5 10. Be5 Na5 11. Qa4+ Nc6 12. Qb3 Na5 13. Qa4+ Nc6 14. h3 Nf6 15. O-O Bd6 16. Bxd6 Qxd6 17. Ne5 Rc8 18. Bxa6 bxa6 19. Qxa6 O-O 20. Nb5 Qb4 21. Nxc6 Rxc6 22. Qxc6 Bd3 23. Nd6 Bxf1 24. Rxf1 Qxb2 25. a4 Qa2 26. Rc1 h5 27. Qc2 Qa3 28. Nb5 Qb4 29. Rb1 Qa5 30. Ra1 Ne4 31. f3 Ng3 32. Qc7 Ne2+ 33. Kf1 Qb4 34. Qc2 Ng3+ 35. Kf2 Nf5 36. g4 Nh4 37. Kg3 Ng6 38. Rb1 Qe7 39. Qc7 Qg5 40. Kf2 f5 41. gxh5 f4 42. hxg6 fxe3+ 43. Ke2 Qg2+ 44. Kd3 Qd2# 0-1

[Event "Copenhagen Chess Challenge GM 2025"]
[Site "Ballerup"]
[Date "2025.07.26"]
[Round "6.1"]
[White "Nielsen, Hogni Egilstoft"]
[Black "Ochsner, Bjorn Moller"]
[Result "1-0"]
[WhiteElo "2372"]
[BlackElo "2478"]
[EventDate "2025.07.23"]
[EventType "tourn"]
[EventRounds "9"]
[EventCountry "DEN"]
[SourceTitle "Live v. Michael Andersen"]

1. e4 c5 2. Nf3 d6 3. Bb5+ Nd7 4. O-O a6 5. Bd3 Ngf6 6. c3 b5 7. Bc2 Bb7 8. Re1 c4 9. b3 e6 10. bxc4 bxc4 11. Na3 Qc7 12. Rb1 Nb6 13. Rxb6 Qxb6 14. Ba4+ Bc6 15. Nd4 Bd7 16. Nxc4 Qc7 17. d3 Be7 18. Bg5 h6 19. Bh4 Bxa4 20. Qxa4+ Nd7 21. Bxe7 Kxe7 22. Nc6+ Kf8 23. d4 g6 24. Rb1 a5 25. f3 Kg7 26. d5 exd5 27. exd5 Rhe8 28. Qd1 Ne5 29. Qd4 Kg8 30. N4xe5 dxe5 31. Qe3 Qd6 32. c4 Rac8 33. Rb5 Qf6 34. h3 e4 35. fxe4 Qa1+ 36. Kh2 Qxa2 37. Qd4 Qe2 38. e5 a4 39. Rb7 Qf1 40. e6 f6 41. Rf7 Rxc6 42. Rxf6 Qb1 43. Rf7 Qb8+ 44. g3 1-0

[Event "Copenhagen Chess Challenge GM 2025"]
[Site "Ballerup"]
[Date "2025.07.26"]
[Round "6.2"]
[White "Olsen, Filip Boe"]
[Black "Medhus, Vitus Bondo"]
[Result "1/2-1/2"]
[WhiteElo "2453"]
[BlackElo "2326"]
[EventDate "2025.07.23"]
[EventType "tourn"]
[EventRounds "9"]
[EventCountry "DEN"]
[SourceTitle "Live v. Michael Andersen"]

1. Nf3 d5 2. g3 Nf6 3. Bg2 e6 4. O-O c5 5. c4 d4 6. e3 Nc6 7. d3 e5 8. exd4 exd4 9. Bg5 Be7 10. Bxf6 Bxf6 11. Re1+ Be7 12. Ne5 Nxe5 13. Rxe5 O-O 14. Nd2 Rb8 15. Bd5 b5 16. Qf3 Bg5 17. Rae1 Be6 18. Ne4 Bf6 19. Rh5 bxc4 20. Nxc5 Bxd5 21. Rxd5 Qa5 22. Rc1 Qxa2 23. Nd7 c3 24. bxc3 dxc3 25. Nxb8 Rxb8 26. d4 Rb1 27. Rxb1 Qxb1+ 28. Kg2 c2 29. Rc5 g6 30. Qc6 Bxd4 31. Rxc2 Kg7 32. Rd2 Bb6 33. Qc3+ Kg8 34. Qe5 Qc1 35. Qd5 Qe1 36. Rc2 Kg7 37. h3 Qe8 38. Rc3 Qd8 39. Qxd8 Bxd8 40. Kf3 Bb6 41. Rc2 h5 42. Ke4 Kf6 43. Kd5 Kf5 44. Rc3 Kf6 45. Kd6 Kg7 46. Rf3 Bd4 47. Ke7 Bc5+ 48. Ke8 f5 49. Kd7 Kf6 50. Kc6 Bb6 51. Kd5 Kf7 52. Ke5 Bc7+ 53. Kd4 Kf6 54. Kd3 Kg5 55. h4+ Kg4 56. Ke3 Bd6 57. Ke2 f4 58. Rd3 Be5 59. Rd5 Kf5 60. gxf4 Kxf4 61. Ra5 Bf6 62. Rxa7 Kg4 63. Ra4+ Kf5 64. Kf3 Ke6 65. Re4+ Kf5 66. Rf4+ Ke6 67. Ra4 Kf5 68. Kg3 Be5+ 69. f4 Bc3 70. Rc4 Be1+ 71. Kh3 Bd2 72. Rc5+ Kf6 73. Rc6+ Kf5 74. Rc5+ Kf6 75. f5 gxf5 76. Rc6+ Kg7 77. Kg3 Be1+ 78. Kf4 Bxh4 79. Kxf5 Bf2 80. Rc3 h4 81. Rf3 Be1 82. Kg5 Bg3 83. Rf1 Kg8 84. Kg6 h3 85. Rd1 Kf8 86. Kf6 Ke8 87. Ke6 h2 88. Ra1 Kd8 89. Kd5 1/2-1/2

[Event "Copenhagen Chess Challenge GM 2025"]
[Site "Ballerup"]
[Date "2025.07.26"]
[Round "6.3"]
[White "Kush, Bhagat"]
[Black "Hoi, Carsten"]
[Result "1/2-1/2"]
[WhiteElo "2369"]
[BlackElo "2288"]
[EventDate "2025.07.23"]
[EventType "tourn"]
[EventRounds "9"]
[EventCountry "DEN"]
[SourceTitle "Live v. Michael Andersen"]

1. e4 Nc6 2. Nf3 e5 3. Bc4 d6 4. d4 exd4 5. Nxd4 g6 6. O-O Bg7 7. Nxc6 bxc6 8. Nc3 Be6 9. Bxe6 fxe6 10. Qd3 Ne7 11. h4 Qd7 12. Ne2 Rb8 13. h5 Rb5 14. Ng3 O-O 15. a4 Rbb8 16. c3 c5 17. Qe2 d5 18. hxg6 hxg6 19. exd5 exd5 20. Bg5 Nc6 21. Rad1 Ne5 22. Qc2 c4 23. Be3 c6 24. Rfe1 Nd3 25. Rxd3 cxd3 26. Qxd3 Qf7 27. b4 Rbe8 28. Rd1 Re6 29. b5 cxb5 30. axb5 Rd8 31. Ne2 Qf5 32. Nf4 Qxd3 1/2-1/2

[Event "Copenhagen Chess Challenge GM 2025"]
[Site "Ballerup"]
[Date "2025.07.26"]
[Round "6.4"]
[White "Haubro, Martin"]
[Black "Kistrup, Nicolai"]
[Result "1/2-1/2"]
[WhiteElo "2388"]
[BlackElo "2368"]
[EventDate "2025.07.23"]
[EventType "tourn"]
[EventRounds "9"]
[EventCountry "DEN"]
[SourceTitle "Live v. Michael Andersen"]

1. e4 e5 2. Nf3 Nc6 3. Bb5 Nf6 4. O-O Nxe4 5. d4 Nd6 6. Bxc6 dxc6 7. dxe5 Nf5 8. Qxd8+ Kxd8 9. h3 Be7 10. Nc3 Nh4 11. Ng5 Ke8 12. Nge4 h5 13. Re1 Kf8 14. Bg5 Ng6 15. Rad1 b6 16. Rd4 Be6 17. f4 h4 18. Red1 Ke8 19. Kf2 Rh5 20. Bxe7 Kxe7 21. Ke3 f6 22. exf6+ gxf6 23. Ne2 Re8 24. b3 Kf7 25. Rd8 Rhh8 26. Rxe8 Rxe8 27. Kf2 Bf5 28. N4c3 Bxc2 29. Rd7+ Re7 30. Rd8 Bf5 31. Nd4 Bd7 32. f5 Ne5 33. Rh8 Kg7 34. Rxh4 c5 35. Ne6+ Bxe6 36. fxe6 c6 37. Ra4 f5 38. Ne2 Nd3+ 39. Ke3 Nb4 40. Nf4 Kf6 41. g4 fxg4 42. hxg4 a5 43. a3 Nc2+ 44. Ke4 Nd4 45. g5+ Kxg5 46. Ke5 Re8 47. Rc4 Rf8 48. e7 Rf5+ 49. Kd6 Rf6+ 50. Kd7 Rf7 51. Ne6+ Kf6 52. Nxd4 Rxe7+ 53. Kxc6 cxd4 54. Rxd4 Re3 55. b4 Rxa3 56. b5 Ke5 57. Rd1 Rb3 58. Kxb6 a4 59. Kc5 a3 60. Re1+ Kf6 61. Re2 Rb2 62. Re3 a2 63. Ra3 Ke5 64. b6 Rc2+ 65. Kb5 Kd6 66. Ka6 Rb2 67. b7 Kc7 68. Rc3+ Kd7 69. Ra3 Kc7 70. Rc3+ Kd7 71. Ra3 Kc7 72. Rc3+ 1/2-1/2

[Event "Copenhagen Chess Challenge GM 2025"]
[Site "Ballerup"]
[Date "2025.07.26"]
[Round "6.5"]
[White "Ermitsch, Magnus"]
[Black "Hector, Jonny"]
[Result "1/2-1/2"]
[WhiteElo "2406"]
[BlackElo "2427"]
[EventDate "2025.07.23"]
[EventType "tourn"]
[EventRounds "9"]
[EventCountry "DEN"]
[SourceTitle "Live v. Michael Andersen"]

1. e4 e5 2. Nf3 Nc6 3. Bc4 Nf6 4. Ng5 d5 5. exd5 Na5 6. Bb5+ c6 7. dxc6 bxc6 8. Bd3 Nd5 9. Nf3 Bd6 10. O-O O-O 11. Re1 Bg4 12. h3 Bxf3 13. Qxf3 f5 14. Bxf5 Nf4 15. Be4 Bc5 16. Kh1 Qh4 17. Qg3 Qxg3 18. fxg3 Ne2 19. Kh2 Nxg3 20. Nc3 Rf1 21. Rxf1 Nxf1+ 22. Kh1 Rf8 23. Bd3 Ng3+ 24. Kh2 e4 25. Nxe4 Nxe4 26. Bxe4 Rf1 27. c3 Nc4 28. d4 Bd6+ 29. g3 Ne3 30. Rb1 Rf2+ 1/2-1/2

[Event "Copenhagen Chess Challenge GM 2025"]
[Site "Ballerup"]
[Date "2025.07.26"]
[Round "7.1"]
[White "Hoi, Carsten"]
[Black "Haubro, Martin"]
[Result "1-0"]
[WhiteElo "2288"]
[BlackElo "2388"]
[EventDate "2025.07.23"]
[EventType "tourn"]
[EventRounds "9"]
[EventCountry "DEN"]
[SourceTitle "Live v. Michael Andersen"]

1. Nf3 d5 2. e3 Nf6 3. c4 e6 4. d4 c6 5. Bd3 Nbd7 6. O-O dxc4 7. Bxc4 b5 8. Bd3 Bb7 9. e4 a6 10. Bg5 h6 11. Bh4 Be7 12. a4 c5 13. axb5 axb5 14. Rxa8 Bxa8 15. Bxb5 Nxe4 16. Ne5 Bxh4 17. Bxd7+ Kf8 18. f3 Nf6 19. dxc5 Bd5 20. c6 Qb6+ 21. Kh1 Ke7 22. Qa4 Qxb2 23. Nd3 Qe2 24. Qa3+ Kd8 25. Rc1 Nxd7 26. cxd7 Bg5 27. Re1 Qc2 28. Ne5 Kc7 29. Nc3 Qf2 30. Nb5+ Kb8 31. Qd6+ Kb7 32. Ra1 Ba2 33. Qc6+ Kb8 34. Qc7+ Ka8 35. Qc8+ 1-0

[Event "Copenhagen Chess Challenge GM 2025"]
[Site "Ballerup"]
[Date "2025.07.26"]
[Round "7.2"]
[White "Hector, Jonny"]
[Black "Olsen, Filip Boe"]
[Result "1/2-1/2"]
[WhiteElo "2427"]
[BlackElo "2453"]
[EventDate "2025.07.23"]
[EventType "tourn"]
[EventRounds "9"]
[EventCountry "DEN"]
[SourceTitle "Live v. Michael Andersen"]

1. e4 c5 2. Nf3 d6 3. d4 cxd4 4. Nxd4 Nf6 5. Nc3 a6 6. Bg5 Nbd7 7. Qe2 Qa5 8. Bd2 h5 9. f4 Qb6 10. Nf3 e5 11. O-O-O Be7 12. Qc4 Qa7 13. Ng5 O-O 14. Qe2 b5 15. g4 Nb6 16. fxe5 dxe5 17. h3 Nc4 18. gxh5 Bc5 19. Qf3 Nxd2 20. Kxd2 Qe7 21. Ke1 Nh7 22. Nxh7 Qh4+ 23. Kd2 Kxh7 24. Bd3 Qg5+ 25. Ke2 Kh6 26. b4 Bd4 27. Nd5 Be6 28. Ne3 Bxe3 29. Qxe3 Qxe3+ 30. Kxe3 Bxa2 31. Ra1 Be6 32. Ra3 Kxh5 33. Rha1 Kh4 34. Rxa6 Rxa6 35. Rxa6 Rc8 36. Kd2 Kxh3 37. Bxb5 g5 38. Bf1+ Kh2 39. Ra5 f6 40. Ra6 Bc4 41. Rxf6 g4 42. Rh6+ Kg3 43. Bd3 Kf2 44. Rf6+ Kg2 45. Rf5 g3 46. Rxe5 Kf2 47. Rf5+ Kg1 48. b5 g2 49. b6 Be6 50. Rf6 Rg8 51. Rxe6 Kh2 52. b7 g1=Q 53. b8=Q+ Rxb8 54. Rh6+ Kg3 55. Rg6+ Kh2 56. Rxg1 Kxg1 57. Ke3 Kg2 58. e5 Kg3 59. Be2 Kh4 60. Kf4 Rf8+ 61. Ke4 Kg5 62. Bb5 Rd8 63. c4 Kg6 64. c5 Kf7 65. c6 Rc8 66. Bc4+ Ke7 67. Kd5 Kd8 68. Kd6 Rc7 69. Ba6 Rd7+ 70. Kc5 Re7 71. Kd6 Rd7+ 72. cxd7 1/2-1/2

[Event "Copenhagen Chess Challenge GM 2025"]
[Site "Ballerup"]
[Date "2025.07.26"]
[Round "7.3"]
[White "Kistrup, Nicolai"]
[Black "Ermitsch, Magnus"]
[Result "1-0"]
[WhiteElo "2368"]
[BlackElo "2406"]
[EventDate "2025.07.23"]
[EventType "tourn"]
[EventRounds "9"]
[EventCountry "DEN"]
[SourceTitle "Live v. Michael Andersen"]

1. Nf3 d5 2. g3 Nf6 3. Bg2 e6 4. O-O b5 5. b3 b4 6. c4 bxc3 7. dxc3 Be7 8. c4 c6 9. Bb2 Nbd7 10. Nbd2 O-O 11. Qc2 a5 12. a3 Ba6 13. e4 Rb8 14. e5 Ng4 15. h3 Nh6 16. g4 a4 17. b4 Nb6 18. Nd4 Qc8 19. c5 Bxf1 20. Bxf1 Nd7 21. f4 Re8 22. N2f3 Bf8 23. Re1 g6 24. Bc1 Ra8 25. Qf2 f6 26. exf6 Nxf6 27. Ng5 Nf7 28. Ngxe6 Ne4 29. Rxe4 dxe4 30. Bc4 Ra7 31. Bb2 Rae7 32. f5 e3 33. Qxe3 Bg7 34. Qf2 Bh8 35. Ng5 Qd7 36. f6 Bxf6 37. Qxf6 Re1+ 38. Kf2 1-0

[Event "Copenhagen Chess Challenge GM 2025"]
[Site "Ballerup"]
[Date "2025.07.26"]
[Round "7.4"]
[White "Ochsner, Bjorn Moller"]
[Black "Kush, Bhagat"]
[Result "0-1"]
[WhiteElo "2478"]
[BlackElo "2369"]
[EventDate "2025.07.23"]
[EventType "tourn"]
[EventRounds "9"]
[EventCountry "DEN"]
[SourceTitle "Live v. Michael Andersen"]

1. e4 c5 2. Nf3 d6 3. d4 cxd4 4. Nxd4 Nf6 5. Nc3 Nc6 6. Bg5 e6 7. Qd3 Bd7 8. O-O-O a6 9. f4 Qa5 10. Nb3 Qc7 11. Be2 Be7 12. Kb1 b5 13. Bf3 h6 14. Bxf6 gxf6 15. Bh5 Rf8 16. f5 O-O-O 17. Qh3 Kb8 18. a3 Qb6 19. Bg4 h5 20. Bxh5 a5 21. Qd3 b4 22. axb4 axb4 23. Ne2 Kb7 24. Ned4 Ne5 25. Qe2 Ra8 26. Bxf7 Rfc8 27. Bxe6 Bxe6 28. Nxe6 Nc4 29. Rd4 Qa6 30. Rxc4 Rxc4 31. Qd3 Qa2+ 32. Kc1 Rac8 33. Rd1 Rxc2+ 34. Qxc2 Qxb3 35. Qxc8+ Kxc8 0-1

[Event "Copenhagen Chess Challenge GM 2025"]
[Site "Ballerup"]
[Date "2025.07.26"]
[Round "7.5"]
[White "Medhus, Vitus Bondo"]
[Black "Nielsen, Hogni Egilstoft"]
[Result "0-1"]
[WhiteElo "2326"]
[BlackElo "2372"]
[EventDate "2025.07.23"]
[EventType "tourn"]
[EventRounds "9"]
[EventCountry "DEN"]
[SourceTitle "Live v. Michael Andersen"]

1. e4 e5 2. Nf3 Nc6 3. Bb5 a6 4. Ba4 Nf6 5. O-O Be7 6. Re1 b5 7. Bb3 d6 8. c3 O-O 9. h3 Bb7 10. d4 h6 11. Nbd2 Re8 12. Nf1 Bf8 13. Ng3 Na5 14. Bc2 g6 15. b3 Bg7 16. d5 c6 17. c4 bxc4 18. b4 cxd5 19. bxa5 dxe4 20. Rb1 Rb8 21. Nxe4 Bxe4 22. Rxb8 Qxb8 23. Bxe4 Nxe4 24. Rxe4 Rc8 25. Ba3 Qb7 26. Re2 e4 27. Ne1 d5 28. Nc2 d4 29. Re1 d3 30. Ne3 c3 31. Qa4 c2 32. Bc1 Qc6 33. Qb3 Qc3 34. Rf1 Qxb3 35. axb3 f5 36. g4 f4 37. Nc4 Rxc4 38. bxc4 Bc3 39. c5 Kf7 40. c6 Ke6 41. Bxf4 d2 42. Bxh6 d1=Q 43. Bc1 Bxa5 44. f4 Bb6+ 45. Kg2 Qe2+ 46. Kg3 Qxf1 47. f5+ gxf5 48. gxf5+ Kxf5 49. Be3 Bxe3 50. c7 Qf2# 0-1

[Event "Copenhagen Chess Challenge GM 2025"]
[Site "Ballerup"]
[Date "2025.07.27"]
[Round "8.1"]
[White "Kush, Bhagat"]
[Black "Medhus, Vitus Bondo"]
[Result "1-0"]
[WhiteElo "2369"]
[BlackElo "2326"]
[EventDate "2025.07.23"]
[EventType "tourn"]
[EventRounds "9"]
[EventCountry "DEN"]
[SourceTitle "Live v. Michael Andersen"]

1. e4 e5 2. Nf3 Nc6 3. d4 exd4 4. Bc4 Nf6 5. e5 d5 6. Bb5 Ne4 7. Nxd4 Bc5 8. Be3 O-O 9. Nxc6 bxc6 10. Bxc5 Nxc5 11. Bxc6 Rb8 12. Qxd5 Qe7 13. O-O Rxb2 14. Na3 Ne6 15. Nc4 Rd8 16. Nxb2 Rxd5 17. Bxd5 Nf4 18. Bf3 Ba6 19. Rfe1 g6 20. Rad1 Qg5 21. Nd3 Ne6 22. Bd5 Nd4 23. Nb4 Ne2+ 24. Kh1 Nc3 25. Nxa6 Nxd1 26. Rxd1 Qxe5 27. Nb4 Qc3 28. Nd3 Qxc2 29. Bb3 Qc3 30. Nf4 a5 31. Nd5 Qc5 32. Ne3 Qc6 33. Kg1 h5 34. h4 Kg7 35. g3 f5 36. Rd4 Kf6 37. Ra4 Qc1+ 38. Kg2 Qc6+ 39. Nd5+ Ke5 40. Rxa5 f4 41. Kh2 fxg3+ 42. fxg3 Ke4 43. Ra4+ Ke5 44. Nf4 Qb6 45. Rc4 Qf2+ 46. Ng2 c5 47. Rc2 Qd4 48. Nf4 Kf6 49. Ne6 Qe3 50. Nxc5 g5 51. hxg5+ Kxg5 52. Ne6+ Kh6 53. Nf4 h4 54. Rc6+ Kh7 55. Bc2+ Kg7 56. Rc7+ Kh6 57. Rh7+ Kg5 58. Rh5+ 1-0

[Event "Copenhagen Chess Challenge GM 2025"]
[Site "Ballerup"]
[Date "2025.07.27"]
[Round "8.2"]
[White "Ermitsch, Magnus"]
[Black "Olsen, Filip Boe"]
[Result "1-0"]
[WhiteElo "2406"]
[BlackElo "2453"]
[EventDate "2025.07.23"]
[EventType "tourn"]
[EventRounds "9"]
[EventCountry "DEN"]
[SourceTitle "Live v. Michael Andersen"]

1. e4 c5 2. Nf3 d6 3. d4 cxd4 4. Nxd4 Nf6 5. Nc3 h6 6. f3 a6 7. Be3 e5 8. Nb3 Be6 9. Qd2 Nbd7 10. O-O-O b5 11. g4 Nb6 12. Bxb6 Qxb6 13. Nd5 Bxd5 14. exd5 Be7 15. h4 O-O 16. g5 Nh5 17. gxh6 g6 18. Kb1 a5 19. Nc1 Rfc8 20. Bh3 Rc4 21. Bg4 Nf4 22. h5 a4 23. hxg6 fxg6 24. Ne2 a3 25. b3 Bf6 26. c3 Nxe2 27. Qxe2 e4 28. Rc1 Rxc3 29. Rxc3 Bxc3 30. Qxe4 Kh8 31. Qxg6 Be5 32. Bf5 Qa7 33. Rg1 Rf8 34. f4 Bc3 35. Rg3 Bb2 36. Re3 Qc7 37. Bc2 Qd7 38. Qe6 Qc7 39. Qe8 Qc8 40. Qe7 Rf5 41. Re1 Bc3 42. Bxf5 Qxf5+ 43. Qe4 Qf6 44. Qe8+ Kh7 45. Re7+ 1-0

[Event "Copenhagen Chess Challenge GM 2025"]
[Site "Ballerup"]
[Date "2025.07.27"]
[Round "8.3"]
[White "Haubro, Martin"]
[Black "Ochsner, Bjorn Moller"]
[Result "0-1"]
[WhiteElo "2388"]
[BlackElo "2478"]
[EventDate "2025.07.23"]
[EventType "tourn"]
[EventRounds "9"]
[EventCountry "DEN"]
[SourceTitle "Live v. Michael Andersen"]

1. e4 c5 2. Nf3 d6 3. d4 cxd4 4. Nxd4 Nf6 5. Nc3 a6 6. Bg5 e6 7. f4 Be7 8. Qf3 Qc7 9. O-O-O Nbd7 10. g4 h6 11. Bxf6 Bxf6 12. h4 Nb6 13. g5 Bxd4 14. Rxd4 Qc5 15. Rd2 Bd7 16. Be2 Na4 17. Nxa4 Bxa4 18. Rhd1 O-O-O 19. Qg3 g6 20. Kb1 hxg5 21. hxg5 Rd7 22. Bf3 Rhd8 23. b3 Bc6 24. Rd4 d5 25. exd5 Bxd5 26. Bxd5 Rxd5 27. Rxd5 Rxd5 28. Rxd5 Qxd5 29. Qc3+ Kd7 30. Kb2 e5 31. fxe5 Ke6 32. Qc8+ Kxe5 33. c4 Qg2+ 34. Ka3 Kf4 35. Qd8 Qxg5 36. Qc7+ Ke3 37. Qxb7 Qa5+ 38. Kb2 Qe5+ 39. Ka3 Qc5+ 40. Ka4 f5 41. Qxa6 f4 42. Qe6+ Kf2 43. Qxg6 f3 44. Qc2+ Kg1 45. Qg6+ Kf1 46. Qd3+ Kg2 47. Qg6+ Kh2 48. Qh6+ Kg3 49. Qg6+ Kf4 50. Qf6+ Qf5 51. Qd4+ Qe4 52. Qd2+ Kg3 53. Qg5+ Kh3 54. Qh5+ Kg2 55. Qg5+ Kf1 56. Qc1+ Qe1 57. Qc2 Qe8+ 58. Ka3 f2 59. Qd1+ Qe1 60. Qh5 Qe7+ 61. b4 Ke1 0-1

[Event "Copenhagen Chess Challenge GM 2025"]
[Site "Ballerup"]
[Date "2025.07.27"]
[Round "8.4"]
[White "Kistrup, Nicolai"]
[Black "Hoi, Carsten"]
[Result "0-1"]
[WhiteElo "2368"]
[BlackElo "2288"]
[EventDate "2025.07.23"]
[EventType "tourn"]
[EventRounds "9"]
[EventCountry "DEN"]
[SourceTitle "Live v. Michael Andersen"]

1. e4 e5 2. Nf3 Nc6 3. d4 exd4 4. Nxd4 g6 5. Nc3 Bg7 6. Be3 d6 7. Qd2 Nf6 8. O-O-O Ng4 9. Bg5 f6 10. Nxc6 bxc6 11. Bf4 Be6 12. h3 Ne5 13. Be3 O-O 14. f4 Nd7 15. h4 f5 16. g4 fxe4 17. h5 d5 18. hxg6 hxg6 19. f5 gxf5 20. gxf5 Bxf5 21. Nxd5 Ne5 22. Nf4 Bg4 23. Rg1 Qf6 24. Rxg4 Nxg4 25. Bc4+ Rf7 26. c3 Nxe3 27. Qxe3 Bh6 28. Rf1 Rf8 29. Kc2 Kh8 30. Bxf7 Rxf7 31. Rh1 Kg8 32. Rg1+ Kf8 33. Qc5+ Qd6 34. Ng6+ Ke8 35. Qxa7 Qd3+ 36. Kb3 Qd5+ 37. Kc2 Qd2+ 38. Kb3 Qd5+ 39. Kc2 e3 40. Qa8+ Kd7 41. Ne5+ Qxe5 42. Rd1+ Ke7 43. Qd8+ Ke6 44. Qe8+ Kf6 45. Qh8+ Bg7 46. Qh4+ Ke6 47. Qc4+ Ke7 48. Qxc6 Qf5+ 49. Kc1 Be5 50. Qc5+ Kf6 51. Qc4 Bf4 52. Qc6+ Qe6 53. Qf3 Ke7 54. Kb1 Bh6 55. Qg3 e2 56. Qxc7+ Kf6 57. Qd8+ Kf5 58. Re1 Rd7 59. Qa5+ Rd5 60. Qa4 Rd2 61. Qb5+ Qe5 62. Qb3 Qe4+ 63. Ka1 Qd5 0-1